000
002570000a22000970004500
100
1
_a
Christensen, Derek
245
1
0
_a
Training : Endurance food for serious tentmakers
300
_a
Vol. 14, Núm 13 (1997), Páginas 133-138
773
0
_t
Evangel
942
_c
ANA
999
_c
54162
_d
54162